<?xml version="1.0" encoding="UTF-8"?>
<record
    xmlns:xsi="http://www.w3.org/2001/XMLSchema-instance"
    xsi:schemaLocation="http://www.loc.gov/MARC21/slim http://www.loc.gov/standards/marcxml/schema/MARC21slim.xsd"
    xmlns="http://www.loc.gov/MARC21/slim">

  <leader>01684nam a22003017a 4500</leader>
  <controlfield tag="003">OSt</controlfield>
  <controlfield tag="005">20240628141551.0</controlfield>
  <controlfield tag="008">240212t2020    ck     er     001 fbspa d</controlfield>
  <datafield tag="020" ind1=" " ind2=" ">
    <subfield code="a">9789584289728</subfield>
  </datafield>
  <datafield tag="037" ind1=" " ind2=" ">
    <subfield code="3">Donaci&#xF3;n</subfield>
  </datafield>
  <datafield tag="040" ind1=" " ind2=" ">
    <subfield code="a">CO-JMCR</subfield>
    <subfield code="c">CO-JMCR</subfield>
    <subfield code="d">CO-JMCR</subfield>
    <subfield code="e">rda</subfield>
    <subfield code="b">spa</subfield>
  </datafield>
  <datafield tag="041" ind1="1" ind2=" ">
    <subfield code="a">spa</subfield>
    <subfield code="h">eng</subfield>
  </datafield>
  <datafield tag="082" ind1="0" ind2="4">
    <subfield code="a">A-N </subfield>
    <subfield code="b">CHRp </subfield>
  </datafield>
  <datafield tag="100" ind1="1" ind2=" ">
    <subfield code="e">autor</subfield>
    <subfield code="a">Christie, Agatha</subfield>
    <subfield code="9">42190</subfield>
    <subfield code="d">1890-1976</subfield>
  </datafield>
  <datafield tag="245" ind1="1" ind2=" ">
    <subfield code="a">Problema en pollensa / </subfield>
    <subfield code="c">Agatha Christie</subfield>
  </datafield>
  <datafield tag="260" ind1=" " ind2=" ">
    <subfield code="a">Barcelona : </subfield>
    <subfield code="b">Editorial planeta , </subfield>
    <subfield code="c">&#xA9;2020</subfield>
  </datafield>
  <datafield tag="300" ind1=" " ind2=" ">
    <subfield code="a">223 p&#xE1;ginas ; </subfield>
    <subfield code="c">19 cm. </subfield>
  </datafield>
  <datafield tag="500" ind1=" " ind2=" ">
    <subfield code="a">Incluye biograf&#xED;a de autor</subfield>
  </datafield>
  <datafield tag="505" ind1=" " ind2=" ">
    <subfield code="a">Problema en pollensa -- Misterio en las regatas -- El misterio del cofre de Bagdad</subfield>
  </datafield>
  <datafield tag="520" ind1=" " ind2=" ">
    <subfield code="a">"El sagaz investigador Parker Pyne desembarca en Pollensa, en la soleada isla de Mallorca, para iniciar unas merecidas vacaciones en un hotel con gran encanto. Pero pronto su relax se ve interrumpido por la se&#xF1;ora Chester, quien, convencida de que su hijo est&#xE1; a punto de echar a perder su futuro por culpa de una misteriosa mujer, decide pedir ayuda al famoso detective. Esta historia inicia una serie de aventuras que, con el inimitable sello de Agatha Christie y con la presencia de sus emblem&#xE1;ticos personajes, H&#xE9;rcules Poirot y Miss Marple, nos brindar&#xE1; la oportunidad de comprobar, una vez m&#xE1;s, la maestr&#xED;a narrativa de la gran dama del misterio".</subfield>
  </datafield>
  <datafield tag="650" ind1="1" ind2="4">
    <subfield code="2">JMCR</subfield>
    <subfield code="a">Novela Inglesa</subfield>
    <subfield code="y">Siglo XX</subfield>
    <subfield code="9">7155</subfield>
  </datafield>
  <datafield tag="650" ind1="2" ind2="4">
    <subfield code="a">Lietatura Inglesa </subfield>
    <subfield code="y">Siglo XX</subfield>
    <subfield code="9">43362</subfield>
  </datafield>
  <datafield tag="650" ind1="3" ind2="4">
    <subfield code="a">Literatura Polic&#xED;aca</subfield>
    <subfield code="y">Siglo XX</subfield>
    <subfield code="9">43363</subfield>
  </datafield>
  <datafield tag="650" ind1="4" ind2="4">
    <subfield code="a">Mujeres en la literatura</subfield>
    <subfield code="9">6298</subfield>
  </datafield>
  <datafield tag="650" ind1="5" ind2="4">
    <subfield code="a">Detectives en la literatura</subfield>
    <subfield code="9">43364</subfield>
  </datafield>
  <datafield tag="700" ind1=" " ind2=" ">
    <subfield code="a">De Call, Stella, </subfield>
    <subfield code="e">Traductora</subfield>
    <subfield code="9">43365</subfield>
  </datafield>
  <datafield tag="942" ind1=" " ind2=" ">
    <subfield code="2">ddc</subfield>
    <subfield code="c">BK</subfield>
  </datafield>
  <datafield tag="999" ind1=" " ind2=" ">
    <subfield code="c">30559</subfield>
    <subfield code="d">16943</subfield>
  </datafield>
  <datafield tag="952" ind1=" " ind2=" ">
    <subfield code="0">0</subfield>
    <subfield code="1">0</subfield>
    <subfield code="2">ddc</subfield>
    <subfield code="4">0</subfield>
    <subfield code="7">0</subfield>
    <subfield code="a">CPL</subfield>
    <subfield code="b">CPL</subfield>
    <subfield code="c">FIC</subfield>
    <subfield code="d">2023-06-12</subfield>
    <subfield code="e">Donaci&#xF3;n</subfield>
    <subfield code="l">1</subfield>
    <subfield code="o">A-N  CHRp </subfield>
    <subfield code="p">201812090</subfield>
    <subfield code="r">2024-04-09 00:00:00</subfield>
    <subfield code="s">2024-04-09</subfield>
    <subfield code="t">EJ.1</subfield>
    <subfield code="w">2024-02-12</subfield>
    <subfield code="y">BK</subfield>
  </datafield>
</record>
